|
|
|
|
| LEADER |
02359nam a22004695i 4500 |
| 001 |
978-3-642-38091-4 |
| 003 |
DE-He213 |
| 005 |
20151204154846.0 |
| 007 |
cr nn 008mamaa |
| 008 |
130605s2013 gw | s |||| 0|eng d |
| 020 |
|
|
|a 9783642380914
|9 978-3-642-38091-4
|
| 024 |
7 |
|
|a 10.1007/978-3-642-38091-4
|2 doi
|
| 040 |
|
|
|d GrThAP
|
| 050 |
|
4 |
|a HF5410-5417.5
|
| 072 |
|
7 |
|a KJS
|2 bicssc
|
| 072 |
|
7 |
|a KJSM
|2 bicssc
|
| 072 |
|
7 |
|a BUS043000
|2 bisacsh
|
| 082 |
0 |
4 |
|a 658.8
|2 23
|
| 100 |
1 |
|
|a Shin, Kwang-Yong.
|e author.
|
| 245 |
1 |
4 |
|a The Executor of Integrated Marketing Communications Strategy: Marcom Manager’s Working Model
|h [electronic resource] /
|c by Kwang-Yong Shin.
|
| 264 |
|
1 |
|a Berlin, Heidelberg :
|b Springer Berlin Heidelberg :
|b Imprint: Springer,
|c 2013.
|
| 300 |
|
|
|a XII, 148 p. 30 illus.
|b online resource.
|
| 336 |
|
|
|a text
|b txt
|2 rdacontent
|
| 337 |
|
|
|a computer
|b c
|2 rdamedia
|
| 338 |
|
|
|a online resource
|b cr
|2 rdacarrier
|
| 347 |
|
|
|a text file
|b PDF
|2 rda
|
| 490 |
1 |
|
|a SpringerBriefs in Business,
|x 2191-5482
|
| 505 |
0 |
|
|a Introduction -- Organization -- Implementation -- Marcom Manager’s Work: Communication Category -- The Working Model of Marcom Manager.
|
| 520 |
|
|
|a The book mainly addresses the following aspects: First, it systematically introduces the domestic and foreign research results, pointing out the key elements of the basic theory of IMC, according to a company’s present situation and the practice of IMC strategy. Second, according to the different characteristics of each organization, it provides various IMC organization structures, such as linear structure Model l, a virtual network and centralized type that focuses on individual interest, external types of the IMC organizational structures Model, etc., and suggestions for further study are also presented.
|
| 650 |
|
0 |
|a Business.
|
| 650 |
|
0 |
|a Management science.
|
| 650 |
|
0 |
|a Marketing.
|
| 650 |
1 |
4 |
|a Business and Management.
|
| 650 |
2 |
4 |
|a Marketing.
|
| 650 |
2 |
4 |
|a Business and Management, general.
|
| 710 |
2 |
|
|a SpringerLink (Online service)
|
| 773 |
0 |
|
|t Springer eBooks
|
| 776 |
0 |
8 |
|i Printed edition:
|z 9783642380907
|
| 830 |
|
0 |
|a SpringerBriefs in Business,
|x 2191-5482
|
| 856 |
4 |
0 |
|u http://dx.doi.org/10.1007/978-3-642-38091-4
|z Full Text via HEAL-Link
|
| 912 |
|
|
|a ZDB-2-SBE
|
| 950 |
|
|
|a Business and Economics (Springer-11643)
|